Регионална библиотека "Любен Каравелов" - Русе

Фармакогнозия за помощник-фармацевти (Запис номер 122506)

MARC детайли
000 -Лидер
Контролно поле с фиксирана дължина 02318nam a2200361 c 4500
003 - Код на организацията, давaща контролен номер
Контролно поле BLK
005 - Дата и час на последна редакция
Контролно поле 20180422110837.0
008 - Елементи от данни с фиксирана дължина
fixed length control field 180409b bul|||||r ||||||| ||bul||
010 ## - Наследен системен номер
LC control number KNG00128147000
040 ## - Източник на каталожния запис
Идентификатор на билиотеката - собственик на записа BLK
041 ## - Код за език
Код за езика на текст/звукозапис или на отделно заглавие Български
Код за езика КДБФ Български
080 ## - УДК
Текстов определител УДК Вещества от естествен произход и тяхните смеси. Лекарствени суровини. Фармакогнозия. Вещества от животински и минерален произход. Минерални води
УДК код - определител по УДК 615.32
УДК определител (075.32)
УДК - код + определител 615.32(075.32)
100 1# - Редна дума - Автор
Автор Асенов, Иван
Авторска отговорност първи автор
Автор - информация (биография) Иванов, Иван Асенов
R(LIN) 375253
139 ## - Редно поле
Редна дума Асенов, Иван и др.
Авторски знак Ас - А 92
245 10 - Сведения за заглавието
Заглавие Фармакогнозия за помощник-фармацевти
Подзаглавни данни Учебник за инст. за подготовка на здравни кадри със средно спец. образование
Редно поле (дума) Иван Асенов; съавт. Стефан Димитров Николов; съавт. Йосиф Нисим Бенбасат; * Иван Асенов Иванов.
257 ## - Страна на издаване
Страна на създаване/издаване България
260 ## - Област на издателските данни
-- София
Име на издателя, разпространителя и проч. Медицина и физкултура
Година на издаване 1989
Печатница Пловдив : Д. Благоев
300 ## - Физическа характеристика
Страници 461 с.
Илюстрации и др. с ил., табл.
Размери/Мащаб 23 см
380 ## - Жанр
Жанр Медицина
500 ## - Общи забележки
Забележка Пълното име на първия авт. е Иван Асенов Иванов. - 3 086 тир. - Азб. указ. на бълг. наименования на хим. съединения, растения и термини ; Азб. указ. на лат. названия на токсините, дрогите и препаратите.
650 #4 - Допълнително описание по предмет – тема
Основно описание – тема или топоним Фармакология - учебници за ВУЗ
9 (RLIN) 281512
653 ## - Ключова дума – ненормативна
Ключова дума фармакогнозия
653 ## - Ключова дума – ненормативна
Ключова дума фармакология
653 ## - Ключова дума – ненормативна
Ключова дума учебници за ВУЗ
700 1# - Други автори (авторска отговорност)
Лично име Николов, Стефан Димитров
Автороска отговорност (Описва отношението между автора и произведението) съавт.
9 (RLIN) 377123
700 1# - Други автори (авторска отговорност)
Лично име Бенбасат, Йосиф Нисим
Автороска отговорност (Описва отношението между автора и произведението) съавт.
9 (RLIN) 286735
700 1# - Други автори (авторска отговорност)
Лично име Иванов, Иван Асенов
Автороска отговорност (Описва отношението между автора и произведението) *
9 (RLIN) 306701
852 ## - Местоположение
Форматна сигнатура Цб 158851
856 4# - Електронен адрес и достъп
Електронен формат pdf - файл
Път до файла /url/
856 4# - Електронен адрес и достъп
Електронен формат pdf - файл
Път до файла /url/
942 ## - АРТИКУЛИ
Вид на библиотечния материал Книги
Скрит в OPAC Не
944 ## - СЪЗДАВАНЕ И РЕДАКЦИЯ на ЗАПИСА
Създаване/Редакция Създаване
Дата на регистрацията/редакция 01.03.2012
Статус, дата на статуса 01.03.2012 - от С1,Р / 01.03.2012
Служител, извършил регистрацията/редакцията Пенка_Димитрова
944 ## - СЪЗДАВАНЕ И РЕДАКЦИЯ на ЗАПИСА
Създаване/Редакция Редакция
Дата на регистрацията/редакция 01.03.2012
Статус, дата на статуса 01.03.2012 - от С1,Р / 01.03.2012
Служител, извършил регистрацията/редакцията
999 ## - СИСТЕМНИ КОНТРОЛНИ НОМЕРА
Koha biblionumber 122506
Koha biblioitemnumber 122506
Наличности
Код за отписване Код за изгубен артикул Източник на класификационната схема Код за повреда Коз за рестрикции Код за отдаване Артикулен № Име на библиотеката - собственик Име на библиотеката, в която се намира в момента Статус (Текущо местоположение) Дата на вписване в системата Местоположение - отдел Цена в лева Инвентарен номер Систематично азбучна сигнатура Баркод Номер на екземпляра Цена в евро Служебна бележка Служебен тип на артикула
  Не е изгубен Universal Decimal Classification Не е повреден без рестрикции ползва се в читалня 198190 Регионална библиотека "Любен Каравелов" Русе Регионална библиотека "Любен Каравелов" Русе Хранилище 1989-01-01 Хранилище 1.66 520688 Цб 158851 120000520688 1 0.85 N: стар фонд Дата: 01.01.1989 Книги
Vip Innovations Ltd, Rousse, Bulgaria 2025